Guerra y vicisitudes de los españoles / (Record no. 18606)

MARC details
000 -LEADER
campo de control de longitud fija 01024nam a2200289 i 4500
001 - NÚMERO DE CONTROL
campo de control 18606
003 - IDENTIFICADOR DE NÚMERO DE CONTROL
campo de control ES-MaACL
005 - FECHA Y HORA DE LA ÚLTIMA TRANSACCIÓN
campo de control 20240207215653.0
007 - CAMPO FIJO DE DESCRIPCIÓN FÍSICA--INFORMACIÓN GENERAL
campo de control de longitud fija t|
008 - DATOS DE LONGITUD FIJA--INFORMACIÓN GENERAL
campo de control de longitud fija 011105s2001 sp ||||1| spa d
020 ## - NÚMERO INTERNACIONAL ESTÁNDAR DEL LIBRO
Número Internacional Estándar del Libro 84-8310-760-0
080 ## - NÚMERO DE LA CLASIFICACIÓN DECIMAL UNIVERSAL
Número de la Clasificación Decimal Universal 929 Zugazagoitia, Julián
080 ## - NÚMERO DE LA CLASIFICACIÓN DECIMAL UNIVERSAL
Número de la Clasificación Decimal Universal 946.0"1936/39"
100 1# - ENTRADA PRINCIPAL--NOMBRE DE PERSONA
Nombre de persona Zugazagoitia, Julián.
9 (RLIN) 118437
245 10 - MENCIÓN DEL TÍTULO
Título Guerra y vicisitudes de los españoles /
Mención de responsabilidad, etc. Julián Zugazagoitia ; prólogo de Santos Juliá ; notas de J.M. Villarías Zugazagoitia.
250 ## - MENCION DE EDICION
Mención de edición 1ª ed. en Tusquets.
260 ## - PUBLICACIÓN, DISTRIBUCIÓN, ETC.
Lugar de publicación, distribución, etc. Barcelona :
Nombre del editor, distribuidor, etc. Tusquets,
Fecha de publicación, distribución, etc. 2001.
300 ## - DESCRIPCIÓN FÍSICA
Extensión XXXI, 648, [8] p. ;
Dimensiones 23 cm.
490 1# - MENCIÓN DE SERIE
Mención de serie Tiempo de memoria ;
Designación de volumen o secuencia 15
600 14 - PUNTO DE ACCESO ADICIONAL DE MATERIA--NOMBRE DE PERSONA
Nombre de persona Zugazagoitia, Julián.
9 (RLIN) 118437
651 #4 - PUNTO DE ACCESO ADICIONAL DE MATERIA--NOMBRE GEOGRÁFICO
Nombre geográfico España-
Subdivisión general Historia-
Subdivisión cronológica 1936-1939, Guerra civil.
9 (RLIN) 8292
700 1# - ENTRADA AGREGADA--NOMBRE PERSONAL
Nombre de persona Juliá, Santos,
Fechas asociadas al nombre 1940-2019
9 (RLIN) 67236
700 1# - ENTRADA AGREGADA--NOMBRE PERSONAL
Nombre de persona Villarías Zugazagoitia, José María.
9 (RLIN) 138717
830 0# - PUNTO DE ACCESO ADICIONAL DE SERIE-TÍTULO UNIFORME
Título uniforme Tiempo de memoria ;
Designación de volumen o secuencia 15
9 (RLIN) 180241
852 ## - LOCALIZACIÓN
Ubicación ES-MaACL
Número de control de estantería L-25169
Sublocalización o colección R.130499
Holdings
Estatus retirado Estado de pérdida Estado de daño No para préstamo Biblioteca de origen Biblioteca actual Ubicación en estantería Fecha de adquisición Fuente de adquisición Total de préstamos Signatura topográfica completa Código de barras Visto por última vez Precio de reemplazo Tipo de ítem Koha
        Biblioteca del Ateneo de Madrid Biblioteca del Ateneo de Madrid Depósito 2 17/01/2008     L-25169 1019040 23/02/2023 23/02/2023 Libro impreso